00604nam a2200217Ia 450000500170000000800410001702000300005804000190008804100120010708200160011910000180013524500610015325000410021426000230025530000170027850400370029565000150033265100120034770000160035985000110037520240320153912.0140110s9999 xx 000 0 und d a9781412912372cRs.2484.64 aLoreto College aEnglish a152.4 bCOR aCornwell, Sue 4aThe Emotional Curriculum cSue Cornwell and Jill Bundy aA journey towards emotional literacy aLondonbSagec2009 aviii, 124p.  aIncludes references and appendix aPsychology aEmotion aBundy, Jill aLCBED